000
00310nam a2200133Ia 4500
008
191201s2011 xx 000 0 und d
100
_a
TRIPATHY,Nalini Prava
245
0
_a
Insurance Theory and Practice
250
_a
5th
260
_a
N. Delhi
_b
PHI
_c
2011
300
_a
236
650
_a
MBA
942
_2
ddc
_c
BK
999
_c
5149
_d
5149